000 00222 a2200097 4500
001 46698
100 _aAlden J
245 _aThe fleet submarine in the US Navy
260 _aLondon
_bArms Armour
_c
090 _c29795
_d29795
942 _aNUST-CAE
_cM
_c21996
999 _c281771
_d281771